Door of langs welke staten stroom de Mississippi - Statistieken

Algemene statistieken
  • Deze quiz is 11 keer genomen
  • De gemiddelde score is 8 van 10
Answers on the Grid
Answers color-coded by a green-red scale on the quiz's grid according to % correct below.
Texas
Minnesota
Wisconsin
Iowa
Montana
Florida
Illinois
Missouri
Kentucky
Tennessee
Californië
Pennsylvania
Arkansas
Mississippi
Louisiana
New York
 
Antwoordstatistieken
Antwoord % Correct
Mississippi
100%
Tennessee
100%
Illinois
83%
Iowa
83%
Louisiana
83%
Missouri
83%
Arkansas
67%
Kentucky
67%
Minnesota
50%
Wisconsin
50%
Geen overeenkomende quizzen gevonden
Scoreverdeling
Procent van Mensen met Elke Score
Percentiel versus Aantal Correcte Antwoorden
Uw Scoregeschiedenis
U heeft deze quiz nog niet genomen